000 00912nam a2200265Ia 4500
005 20220317001138.0
008 160825s2007 ck a g 000 0 spa
020 _a97895830116012
100 1 _aAristizábal de Baena, Nora
245 1 3 _aLa fiesta del mar
_cNora Aristizábal de Baena ; ilustraciones Olga Cuéllar
250 _a1a. edición
_b2a. reimpresión
300 _a31 páginas
_bilustraciones en color
_c23 cm
490 _aSueños de papel
650 1 4 _2LEMB
_aCuentos infantiles colombianos
650 1 4 _2LEMB
_aLiteratura infantil colombiana
650 1 4 _2LEMB
_aAnimales en la literatura
700 1 _aCuéllar Serrano, Olga
_916673
942 _2loc
_cBKINF
264 _aBogotá
_bPanamericana
_c2007
336 _atexto
_btxt
_2rdacontent
337 _asin mediación
_bn
_2rdamedia
338 _avolumen
_bnc
_2rdacarrier
040 _aCO-BoRNBP
_bspa
_erda
_cCO-BoRNBP
084 _aC ARI3
999 _c6062
_d6062